| 000 | 01611cam a22004094i 4500 | ||
|---|---|---|---|
| 003 | PE-LiUPU | ||
| 005 | 20250731175621.0 | ||
| 008 | 150623s1992 is r 000 0 spa d | ||
| 020 | _a9653426028 | ||
| 035 | _a(Sirsi) i9789653426023 | ||
| 040 |
_aPE-LiUPU _bspa _cPE-LiUPU _erda |
||
| 049 | _aPRUA | ||
| 082 | 0 | 4 |
_a492.402 _bA31 _221 |
| 100 | 1 |
_aAhituv, Shamuel, _eautor. |
|
| 245 | 1 | 0 |
_aHandbook of ancient hebrew inscriptions / _cShamuel Ahituv. |
| 264 | 1 |
_aJerusalem : _bThe biblical encyclopaedia library, _c1992. |
|
| 300 |
_a317 páginas : _bilustraciones fotos ; _c21 centimetros. |
||
| 336 |
_atext _2rdacontent |
||
| 337 |
_aunmediated _2rdamedia |
||
| 338 |
_avolume _2rdacarrier |
||
| 490 | 0 |
_aThe biblical encyclopaedia library ; _v7 |
|
| 505 | 0 | _aHandbook of ancient hebrew inscriptions: From the period of the first commonwealth and the begining of the second commonwealth (Hebrew, philistine, Edomite, Moabite, Ammonite and the bibleam inscription). | |
| 526 | _aP145 | ||
| 526 | _aP127 | ||
| 526 | _aP97 | ||
| 526 | _aP35 | ||
| 526 | _aP14 | ||
| 526 | _aP07 | ||
| 630 |
_aBiblia. _pA.T. _xAntigüedades. |
||
| 650 | 0 | 4 |
_aInscripciones Hebreas _zPalestina. |
| 942 |
_2ddc _cBOOK |
||
| 949 |
_a492.402 A31 _wDEWEY _c1 _i43836 _lCCODEBUL1 _mBUL _r0 _sY _tBOOK _u2015-6-24 _xTEOLOGIA _PP35 _0COMPRA _o.STAFF. Colección General |
||
| 994 |
_aC0 _bPEPRU |
||
| 596 | _a1 | ||
| 999 |
_a492.402 A31 _wDEWEY _c20238 _i43836 _d20238 _f2021-11-11 _g4 _lCCODEBUL1 _mBUL _q1 _r0 _sY _tBOOK _u2015-6-24 _xTEOLOGIA _PP35 _0COMPRA _o.STAFF. Colección General |
||
| 980 |
_81 _gALBERTO SANCHEZ Responsable de Automatización |
||